<?xml version="1.0" encoding="UTF-8"?>
<record
    xmlns:xsi="http://www.w3.org/2001/XMLSchema-instance"
    xsi:schemaLocation="http://www.loc.gov/MARC21/slim http://www.loc.gov/standards/marcxml/schema/MARC21slim.xsd"
    xmlns="http://www.loc.gov/MARC21/slim">

  <leader>05515nam a2200445Ii 4500</leader>
  <controlfield tag="001">DIGPUCP043</controlfield>
  <controlfield tag="003">NyNyDIG</controlfield>
  <controlfield tag="006">m     o  d        </controlfield>
  <controlfield tag="007">cr |||||||||||</controlfield>
  <controlfield tag="008">130301s2008    pe      ob    100 0 spa d</controlfield>
  <datafield tag="020" ind1=" " ind2=" ">
    <subfield code="z">9789972428586 (Tomo 2)</subfield>
  </datafield>
  <datafield tag="020" ind1=" " ind2=" ">
    <subfield code="z">9972428583 (Tomo 2)</subfield>
  </datafield>
  <datafield tag="035" ind1=" " ind2=" ">
    <subfield code="a">(OCoLC)888274736</subfield>
  </datafield>
  <datafield tag="040" ind1=" " ind2=" ">
    <subfield code="a">DGITA</subfield>
    <subfield code="b">eng</subfield>
    <subfield code="e">pn</subfield>
    <subfield code="c">DGITA</subfield>
  </datafield>
  <datafield tag="043" ind1=" " ind2=" ">
    <subfield code="a">s-pe---</subfield>
  </datafield>
  <datafield tag="050" ind1="1" ind2="4">
    <subfield code="a">KG480 eBook</subfield>
  </datafield>
  <datafield tag="110" ind1="2" ind2=" ">
    <subfield code="a">Instituto Internacional de Historia del Derecho Indiano.</subfield>
    <subfield code="b">Congreso</subfield>
    <subfield code="n">(14th :</subfield>
    <subfield code="b">2003 :</subfield>
    <subfield code="c">Lima, Peru)</subfield>
  </datafield>
  <datafield tag="245" ind1="1" ind2="0">
    <subfield code="a">Derecho, instituciones y procesos hist&#xF3;ricos. </subfield>
    <subfield code="n">Tomo II :</subfield>
    <subfield code="b">XIV Congreso del Instituto Internacional de Historia del Derecho Indiano /</subfield>
    <subfield code="c">Jos&#xE9; de la Puente Brunke, Jorge Armando Guevara Gil, editores.</subfield>
  </datafield>
  <datafield tag="250" ind1=" " ind2=" ">
    <subfield code="a">1a ed.</subfield>
  </datafield>
  <datafield tag="264" ind1=" " ind2="1">
    <subfield code="a">Lima :</subfield>
    <subfield code="b">Pontificia Universidad Cat&#xF3;lica del Per&#xFA;, Fondo Editorial:</subfield>
    <subfield code="b">Instituto Riva-Ag&#xFC;ero,</subfield>
    <subfield code="c">2008.</subfield>
  </datafield>
  <datafield tag="300" ind1=" " ind2=" ">
    <subfield code="a">1 online resource (670 pages) </subfield>
  </datafield>
  <datafield tag="336" ind1=" " ind2=" ">
    <subfield code="a">text</subfield>
    <subfield code="b">txt</subfield>
    <subfield code="2">rdacontent</subfield>
  </datafield>
  <datafield tag="337" ind1=" " ind2=" ">
    <subfield code="a">computer</subfield>
    <subfield code="b">c</subfield>
    <subfield code="2">rdamedia</subfield>
  </datafield>
  <datafield tag="338" ind1=" " ind2=" ">
    <subfield code="a">online resource</subfield>
    <subfield code="b">cr</subfield>
    <subfield code="2">rdacarrier</subfield>
  </datafield>
  <datafield tag="490" ind1="1" ind2=" ">
    <subfield code="a">Publicaci&#xF3;n del Instituto Riva-Ag&#xFC;ero ;</subfield>
    <subfield code="v">no. 247</subfield>
  </datafield>
  <datafield tag="500" ind1=" " ind2=" ">
    <subfield code="a">Papers presented at a conference held Sept. 22-26, 2003 in Lima, Peru.</subfield>
  </datafield>
  <datafield tag="505" ind1="0" ind2=" ">
    <subfield code="a">Contenido General: Derecho Can&#xF3;nico y Eclesi&#xE1;stico -- Derecho Penal -- Familia y personas -- Derecho Indiano Local -- Fuentes -- Juristas, letrados y autoridades -- Gobierno virreinal y municipal.</subfield>
  </datafield>
  <datafield tag="505" ind1="0" ind2=" ">
    <subfield code="a">La Bula de Cruzada en Per&#xFA; / Jos&#xE9; Antonio Benito Rodr&#xED;guez -- Los registros de la propiedad eclesi&#xE1;stica seg&#xFA;n la legislaci&#xF3;n sinodal de la Arquidi&#xF3;cesis de la Plata (Chuquisaca) / Nelson C. Dellaferrera  -- El ejercicio del Patronato Real en el Colegio Mayor de Nuestra Se&#xF1;ora  del Rosario (1665-1810) / M&#xF3;nica P. Martini  -- Los aranceles de los derechos eclesi&#xE1;sticos en el obispado del Tucum&#xE1;n / Luisa Miller Astrada  -- Ideas penales del fiscal de la Audiencia de Buenos Aires Francisco Manuel de Herrera (1790-1799) / Abelardo Levaggi  -- La mesadura en Indias. Un trasplante jur&#xED;dico-cultural (siglos XVI-XVII) / Nelly R. Porro Girardi  -- Los delitos contra la propiedad en la jurisdicci&#xF3;n de C&#xF3;rdoba del Tucum&#xE1;n. Siglo XVIII / Ram&#xF3;n Pedro Yanzi Ferreira  -- Los fundamentos doctrinales del Derecho Indiano de esclavos / Jos&#xE9; Andr&#xE9;s-Gallego  -- El estatuto jur&#xED;dico de los benem&#xE9;ritos de Indias. Notas para su estudio / Luis Lira Montt -- &#xBF;Qu&#xE9; quedar&#xE1; de m&#xED; cuando te vayas? Abandono y violencia en los contextos  -- familiares indianos del &#xFA;ltimo cuarto del siglo XVIII / Marcela Aspell  -- La prohibici&#xF3;n del matrimonio del funcionario con mujer de la provincia  en la que sirve: del Derecho Romano al Derecho Indiano / Francisco Cuena Boy  -- Las fuentes del Derecho en los pleitos de familia (Virreinato del R&#xED;o de la Plata) / Viviana Kluger -- Personas: de los hijos y potestad de los padres / Mafalda Victoria D&#xED;az-Meli&#xE1;n de Hanisch -- Portugueses no Per&#xFA; no seculo XVI / Manuela Mendon&#xE7;a 3 -- Una visi&#xF3;n historiogr&#xE1;fica del Derecho Indiano provincial y local / V&#xED;ctor Tau Anzo&#xE1;tegui  -- El Derecho Indiano: perspectivas de lo local en el Virreinato del R&#xED;o de la Plata. Con especial referencia a Buenos Aires y Montevideo / Mar&#xED;a Rosa Pugliese La Valle  -- M&#xE1;s all&#xE1; de la obligaci&#xF3;n contractual en Juan de Sol&#xF3;rzano y Pereyra / Manlio Bellomo  -- Los decretos criollos del Conde del Venadito (1816-1821) / Jaime del Arenal Fenochio -- Decretos inhibitorios, justicia privativa provincial y local.  El caso del Conde de Santa Rosa en Zacatecas (S. XVIII) / Jos&#xE9; Enciso Contreras  -- La creaci&#xF3;n de Derecho durante la gobernaci&#xF3;n de Pedrarias D&#xE1;vila en Castilla del Oro / Istv&#xE1;n Sz&#xE1;szdi Le&#xF3;n-Borja  -- Los juristas indianos: apuntes someros sobre sus alcances, vidas y obras / Jorge Basadre Ayulo  -- Los abogados de Lima colonial. Una perspectiva cultural y social de la profesi&#xF3;n legal / Teodoro Hampe Mart&#xED;nez -- El doctor Bar&#xF3;n del Pozo, un p&#xED;caro letrado en el Virreinato Rioplatense / Alberto David Leiva -- Los rectores del Ilustre y Real Colegio de Abogados de M&#xE9;xico: la primera generaci&#xF3;n (1760-1783) / Alejandro Mayagoitia -- Notas sobre el funcionamiento de la Audiencia de Lima a mediados del siglo XVII /  -- Jos&#xE9; de la Puente Brunke  -- El Nacional Consulado de comerciantes de Puebla: 1821-1824 / Oscar Cruz Barney  -- La Real Audiencia de Caracas y la independencia de Venezuela / Al&#xED; Enrique L&#xF3;pez Boh&#xF3;rquez -- El fracaso de la Intendencia en Honduras: la Alcald&#xED;a Mayor de Tegucigalpa (1799-1819) / Marta Lorente  -- Las reformas borb&#xF3;nicas en los inicios del siglo XVIII: el Virreinato de Nueva Granada / Consuelo Maqueda Abreu  -- Los Obispos-Virreyes en la Nueva Espa&#xF1;a, una sola espada (1584-1696) / Rigoberto Gerardo Ortiz Trevi&#xF1;o -- Algunos aspectos jur&#xED;dicos y pol&#xED;ticos del obispo virrey Diego Osorio Escobar y Llamas (1656-1673) / Juan Pablo Salazar Andreu.</subfield>
  </datafield>
  <datafield tag="504" ind1=" " ind2=" ">
    <subfield code="a">Includes bibliographical references.</subfield>
  </datafield>
  <datafield tag="650" ind1=" " ind2="0">
    <subfield code="a">Indians of South America</subfield>
    <subfield code="x">Legal status, laws, etc.</subfield>
    <subfield code="x">History</subfield>
    <subfield code="v">Congresses.</subfield>
  </datafield>
  <datafield tag="655" ind1=" " ind2="0">
    <subfield code="a">Electronic books.</subfield>
  </datafield>
  <datafield tag="700" ind1="1" ind2=" ">
    <subfield code="a">Puente Brunke, Jos&#xE9; de la.</subfield>
  </datafield>
  <datafield tag="700" ind1="1" ind2=" ">
    <subfield code="a">Guevara Gil, Jorge Armando.</subfield>
  </datafield>
  <datafield tag="791" ind1="2" ind2=" ">
    <subfield code="a">Digitalia (Firm),</subfield>
    <subfield code="e">distributor.</subfield>
  </datafield>
  <datafield tag="830" ind1=" " ind2="0">
    <subfield code="a">Publicaci&#xF3;n del Instituto Riva-Ag&#xFC;ero ;</subfield>
    <subfield code="v">no. 247.</subfield>
  </datafield>
  <datafield tag="793" ind1="0" ind2=" ">
    <subfield code="g">Digitalia eBook Collection:</subfield>
    <subfield code="a">Pontificia Universidad Cat&#xF3;lica del Per&#xFA;.</subfield>
  </datafield>
  <datafield tag="856" ind1="4" ind2="0">
    <subfield code="3">Digitalia Hisp&#xE1;nica</subfield>
    <subfield code="u">https://www.digitaliapublishing.com/a/10374/</subfield>
  </datafield>
  <datafield tag="910" ind1=" " ind2=" ">
    <subfield code="a">Premium Collection: 2007-2012</subfield>
  </datafield>
  <datafield tag="942" ind1=" " ind2=" ">
    <subfield code="c">RAA</subfield>
  </datafield>
  <datafield tag="952" ind1=" " ind2=" ">
    <subfield code="0">0</subfield>
    <subfield code="1">0</subfield>
    <subfield code="4">0</subfield>
    <subfield code="7">0</subfield>
    <subfield code="8">DEH</subfield>
    <subfield code="a">BD-UIN</subfield>
    <subfield code="b">BD-UIN</subfield>
    <subfield code="d">2025-04-25</subfield>
    <subfield code="l">0</subfield>
    <subfield code="r">2025-04-25</subfield>
    <subfield code="w">2025-04-25</subfield>
    <subfield code="y">RAA</subfield>
  </datafield>
  <datafield tag="999" ind1=" " ind2=" ">
    <subfield code="c">232533</subfield>
    <subfield code="d">232533</subfield>
  </datafield>
</record>
